A first course in differential equations with modeling applications / (Record no. 598992)
[ view plain ]
| 000 -LEADER | |
|---|---|
| fixed length control field | 00306nam a2200109Ia 4500 |
| 008 - FIXED-LENGTH DATA ELEMENTS--GENERAL INFORMATION | |
| fixed length control field | 230907s9999||||xx |||||||||||||| ||und|| |
| 082 ## - DEWEY DECIMAL CLASSIFICATION NUMBER | |
| Classification number | 515.35 |
| Author Mark | ZIL |
| 100 ## - MAIN ENTRY--PERSONAL NAME | |
| Personal name | Zill, Dennis G. |
| 9 (RLIN) | 1266 |
| 245 #2 - TITLE STATEMENT | |
| Title | A first course in differential equations with modeling applications / |
| 300 ## - PHYSICAL DESCRIPTION | |
| Extent | pages cm |
| 942 ## - ADDED ENTRY ELEMENTS (KOHA) | |
| Koha item type | Book |
| Withdrawn status | Lost status | Damaged status | Not for loan | Permanent Location | Current Location | Date acquired | Total Checkouts | Full call number | Barcode | Date last seen | Price effective from | Koha item type |
|---|---|---|---|---|---|---|---|---|---|---|---|---|
| US-Pakistan Center for Advanced Studies in Energy (USPCAS-E) | US-Pakistan Center for Advanced Studies in Energy (USPCAS-E) | 08/09/2019 | 515.35 ZIL | CAS-E0003091 | 09/12/2023 | 09/12/2023 | Book |
